000 01481nab a2200241 i 4500
003 BR-BrBNA
005 20241122135731.0
008 241122b2010 bl.qr|pooa||| 00| 0 por |
040 _aBR-BrBNA
_bpor
072 _aF70
100 _aLombardi, Julio Antonio
245 _aNotas nomenclaturais em Salacioideae (Celastraceae)
500 _aPublicação on-line; 8 ref.; Summaries (En, Pt)
520 _a Resumo São propostas para Salacioideae (Celastraceae) sul-americanas quatro novas combinações: Peritassa myrsinoides (A.C.Sm.) Lombardi, P. nectandrifolia (A.C.Sm.) Lombardi, P. petiolata (A.C.Sm.) Lombardi e Tontelea passiflora (Vell.) Lombardi. Palavras-chave: Brasil, Celastraceae, Peritassa, Tontelea.
520 _a Abstract Four new combinations are proposed for the following South American Salacioideae (Celastraceae): Peritassa myrsinoides (A.C.Sm.) Lombardi, P. nectandrifolia (A.C.Sm.) Lombardi, P. petiolata (A.C.Sm.) Lombardi, and Tontelea passiflora (Vell.) Lombardi. Key words: Brazil, Celastraceae, Peritassa, Tontelea.
650 _aBRASIL
650 _aCELASTRACEAE
650 _aTAXONOMIA
773 0 _0709
_9346539
_dRio de Janeiro-RJ Jardim Botanico do Rio de Janeiro 1935
_o2024-7210
_tRodriguésia (Brazil)
_x0370-6583; 2175-7860 on-line
_gv. 61(1) p. 123-125; (2010)
_wBR2024003635
856 _uhttps://www.scielo.br/j/rod/a/6PdtMVHYsgjkvBWZhzpS3Mr/?format=pdf&lang=pt
942 _cANA
999 _c328782
_d328782